Aircraft Design : (Record no. 16536)
[ view plain ]
| 000 -LEADER | |
|---|---|
| fixed length control field | 00956cam a22002774a 4500 |
| 001 - CONTROL NUMBER | |
| control field | 14264132 |
| 005 - DATE AND TIME OF LATEST TRANSACTION | |
| control field | 20130214143954.0 |
| 008 - FIXED-LENGTH DATA ELEMENTS--GENERAL INFORMATION | |
| fixed length control field | 060213s2006 vaua b 001 0 eng |
| 020 ## - INTERNATIONAL STANDARD BOOK NUMBER | |
| International Standard Book Number | 1563478293 (alk. paper) |
| 020 ## - INTERNATIONAL STANDARD BOOK NUMBER | |
| International Standard Book Number | 9781563478291 (alk. paper) |
| 020 ## - INTERNATIONAL STANDARD BOOK NUMBER | |
| International Standard Book Number | 1563478307 (book/CD set) |
| 020 ## - INTERNATIONAL STANDARD BOOK NUMBER | |
| International Standard Book Number | 9781563478307 (book/CD set) |
| 035 ## - SYSTEM CONTROL NUMBER | |
| System control number | (OCoLC)ocm64084334 |
| 035 ## - SYSTEM CONTROL NUMBER | |
| System control number | (OCoLC)64084334 |
| 082 00 - DEWEY DECIMAL CLASSIFICATION NUMBER | |
| Classification number | 629.1341 |
| Edition number | 22 |
| Item number | RAY |
| 100 1# - MAIN ENTRY--PERSONAL NAME | |
| Personal name | Raymer, Daniel P. |
| 9 (RLIN) | 29177 |
| 245 10 - TITLE STATEMENT | |
| Title | Aircraft Design : |
| Remainder of title | a Conceptual Approach / |
| Statement of responsibility, etc | Daniel P. Raymer. |
| 250 ## - EDITION STATEMENT | |
| Edition statement | 4th ed. |
| 260 ## - PUBLICATION, DISTRIBUTION, ETC. (IMPRINT) | |
| Place of publication, distribution, etc | Reston, Va. : |
| Name of publisher, distributor, etc | American Institute of Aeronautics and Astronautics, |
| Date of publication, distribution, etc | c2006. |
| 300 ## - PHYSICAL DESCRIPTION | |
| Extent | xix, 838 p. : |
| Other physical details | ill. ; |
| Dimensions | 24 cm. |
| 440 #0 - | |
| -- | AIAA education series |
| -- | 29178 |
| 504 ## - BIBLIOGRAPHY, ETC. NOTE | |
| Bibliography, etc | Includes bibliographical references (p. 817-823) and index. |
| 650 #0 - SUBJECT ADDED ENTRY--TOPICAL TERM | |
| Topical term or geographic name as entry element | Airplanes |
| General subdivision | Design and construction. |
| 9 (RLIN) | 29179 |
| 653 ## - INDEX TERM--UNCONTROLLED | |
| Resource For college | |
| Arrived date list | March2012 |
| -- | February2013 |
| 942 ## - ADDED ENTRY ELEMENTS (KOHA) | |
| Source of classification or shelving scheme | Dewey Decimal Classification |
| Item type | Book - Borrowing |
| Withdrawn status | Item status | Source of classification or shelving scheme | Damaged status | Not for loan | Vendor | Home library | Current library | Shelving location | Date acquired | Source of acquisition | Total Checkouts | Full call number | Barcode | Date last seen | Koha item type | Total Renewals | Checked out | Date last borrowed |
|---|---|---|---|---|---|---|---|---|---|---|---|---|---|---|---|---|---|---|
| Dewey Decimal Classification | Baccah | Central Library | Central Library | First floor | 04/03/2012 | 629.1341 RAY | 000026287 | 15/07/2025 | NB - Book (Non borrowing) | |||||||||
| Dewey Decimal Classification | Baccah | Central Library | Central Library | First floor | 04/03/2012 | 1 | 629.1341 RAY | 000026288 | 31/07/2012 | Book - Borrowing | 2 | 30/06/2014 | 31/07/2012 | |||||
| Dewey Decimal Classification | Baccah | Central Library | Central Library | First floor | 14/02/2013 | 1 | 629.1341 RAY | 000028255 | 15/07/2025 | Book - Borrowing | 1 | 24/11/2013 | ||||||
| Dewey Decimal Classification | Baccah | Central Library | Central Library | First floor | 17/02/2013 | 6 | 629.1341 RAY | 000028254 | 08/02/2026 | Book - Borrowing | 100 | 01/02/2026 |